| 000 | 00345 a2200157 4500 | ||
|---|---|---|---|
| 001 | 164130 | ||
| 020 | _a | ||
| 040 | _cMagnum | ||
| 100 | _aPolastri, Maria Helena T. | ||
| 240 | 1 | 0 |
_aMeu estado - minas gerais _lpor |
| 245 | 1 | 0 | _aMeu estado - minas gerais |
| 362 | 0 | _a1899 | |
| 440 | 1 | _aScipione | |
| 697 | _aESTUDOS SOCIAIS | ||
| 942 | _cBK | ||
| 999 |
_c164130 _d164130 |
||